00359nam a2200157Ia 4500008004100000041000800041100001100049245003500060260003700095300000800132365001200140500000800152520001200160650001000172999001900182230605s2004 xx 000 0 und d aeng aWalton aThe ultimate book of cocktails bHermes House london c2004c2004 a256 b636h20 a316 aGeneral aF. B. c418151d418151